| Tag |
First Indicator |
Second Indicator |
Subfields |
| LEADER |
00000cam a2200000 a 4500 |
| 001 |
in00000759727 |
| 005 |
20151017050641.0 |
| 008 |
870831r19871886nbuaf s00010 eng |
| 010 |
|
|
|a 87005940
|
| 020 |
|
|
|a 0803260857 (pbk.)
|
| 035 |
|
|
|a (OCoLC)16680885
|
| 035 |
|
|
|9 ADK1756AM
|
| 040 |
|
|
|a DLC
|c DLC
|d TXA
|d UtOrBLW
|
| 043 |
|
|
|a n-us-az
|
| 049 |
|
|
|a TXAM
|c [A11747476]
|
| 050 |
0 |
0 |
|a E83.88
|b .B76 1987
|
| 082 |
0 |
|
|a 973.8/4
|2 19
|
| 100 |
1 |
|
|a Bourke, John Gregory,
|d 1846-1896.
|
| 245 |
1 |
3 |
|a An Apache campaign in the Sierra Madre :
|b an account of the expedition in pursuit of the hostile Chiricahua Apaches in the spring of 1883 /
|c by John G. Bourke ; foreword by Joseph C. Porter.
|
| 264 |
|
1 |
|a Lincoln :
|b University of Nebraska Press,
|c [1987]
|
| 264 |
|
4 |
|c ©1987
|
| 300 |
|
|
|a xxii, 112 pages, 11 unnumbered pages of plates :
|b illustrations ;
|c 21 cm.
|
| 336 |
|
|
|a text
|b txt
|2 rdacontent
|
| 337 |
|
|
|a unmediated
|b n
|2 rdamedia
|
| 338 |
|
|
|a volume
|b nc
|2 rdacarrier
|
| 500 |
|
|
|a Reprint. Originally published: New York : Scribner, 1886. With new foreword.
|
| 500 |
|
|
|a "Bison book"--Title page verso.
|
| 650 |
|
0 |
|a Apache Indians
|x Wars, 1883-1886.
|
| 999 |
|
|
|a MARS
|
| 999 |
f |
f |
|s bbae59ad-ffd5-37c2-9d51-6b6bc50f7b7d
|i 0a96cc03-e6d1-30a1-bb84-afef00eb9483
|t 0
|
| 952 |
f |
f |
|p ric
|a Texas A&M University
|b Rellis Campus
|c Joint Library Facility
|d Remote Storage
|t 0
|e E83.88 .B76 1987
|h Library of Congress classification
|i unmediated -- volume
|m A14811747476
|
| 998 |
f |
f |
|a E83.88 .B76 1987
|t 0
|l Remote Storage
|